00513 2200193 4500001002100000005001500021035002000036245006500056100001800121300002600139260002800165082001100193084001700204020002200221600002500243990001700268990001700285990001700302INLIS00000000000151220260701073346 a0010-07260000011 aPerilaku Organisasi Kepemimpinan Pendidikan /cH. Baharuddin0 aBaharuddin, H a162 hlm ;c14 X 21 cm aMalang :bMadani,c2023 a658.04 a658.04 BAH p a978-623-8042-05-0 4aManajemen Pendidikan a4915/PP/2026 a4916/PP/2026 a4917/PP/2026